Yo voy soñando caminos / (Registro nro. 8999)

Detalles MARC
000 -LIDER
fixed length control field 00956nam a22002897a 4500
001 - NÚMERO DE CONTROL
Identificador de número de control 00260
003 - IDENTIFICACDOR DE NÚMERO DE CONTROL
control field DO-SdBNP
005 - DATE AND TIME OF LATEST TRANSACTION
control field 20230517105915.0
008 - ELEMENTOS DE LONGITUD FIJA
fixed length control field 151203b 1981 sp xxu||||| |||| 00| 0 spa d
020 ## - ISBN
International Standard Book Number 8433584235
040 ## - FUENTE DE CATALOGACIÓN
Agencia que crea de manera original el registro BPMSU
Idioma de catalogación spa
Agencia que realiza la transcripción BPMSU
082 #4 - NÚMERO DE CLASIFICACIÓN DECIMAL DE DEWEY
Classification number 861.5
Item number M142y 1986
Edition number 22
100 1# - ASIENTO PRINCIPAL -- NOMBRE PERSONAL
Nombre personal Machado, Antonio,
Fechas asociadas con el nombre 1875-1939.
245 10 - MENCIÓN DE TITULO
Título Yo voy soñando caminos /
Mención de responsabilidad Antonio Machado ; ilustraciones de Jordi Vives.
250 ## - MENCIÓN DE EDICION
Mención de edición 3a ed.
260 ## - PUBLICACIÓN, DISTRIBUCIÓN, ETC. (PIE DE IMPRENTA)
Lugar de publicación, distribución, etc Barcelona :
Nombre del editor, distribuidor, etc. Editorial Labor,
Fecha de publicación, distribución, etc 1986
300 ## - DESCRIPCIÓN FÍSICA
Extensión 91 p. :
Otros detalles físicos il. ;
Dimensiones 19 cm.
490 0# - MENCIÓN DE SERIES
Mención de serie Labor bolsillo juvenil,
Volume/sequential designation 23
501 ## - NOTA DE PUBLICADO O ENCUADERNADO
With note Incluye datos biográficos del autor en la solapa de la contracubierta.
590 ## - NOTA LOCAL
Texto de la nota local Inventariado, 2023/VM
650 #4 - ENCABEZAMIENTO DE MATERIA--TEMÁTICO
Término temático o nombre geográfico como elemento de entrada Poesía española
650 #4 - ENCABEZAMIENTO DE MATERIA--TEMÁTICO
Término temático o nombre geográfico como elemento de entrada Ciudades y pueblos
Subdivisión de forma Poesías Viajes
650 #4 - ENCABEZAMIENTO DE MATERIA--TEMÁTICO
Término temático o nombre geográfico como elemento de entrada Literatura epañola
700 1# - ASIENTO SECUNDARIO -- NOMBRE PERSONAL
Nombre personal Vives, Jordi,
Mención de responsabilidad il.
910 ## - VALIDACIÓN
Validación LPérez/ VMateo V. Control de calidad (BPMSU)
942 ## - ADDED ENTRY ELEMENTS (KOHA)
Source of classification or shelving scheme Dewey Decimal Classification
Koha item type Libros
Existencias
Withdrawn status Lost status Source of classification or shelving scheme Damaged status Not for loan Collection code Home library Current library Date acquired Source of acquisition Full call number Barcode Date last seen Price effective from Koha item type
    Dewey Decimal Classification     Colección Juvenil General Biblioteca Pública Metropolitana Salomé Ureña Biblioteca Pública Metropolitana Salomé Ureña 12/03/2015 Donación BPMSU CG 861.5 M142y 1986 BPMSU15120033 12/03/2015 12/03/2015 Libros